Host cities of the Champions League's final - Statistics

General Stats
  • This quiz has been taken 1,450 times
    696 since last reset
  • The average score is 57 of 70
Answer Stats
Hint Answer % Correct
1963 London
98%
1968 London
98%
1971 London
98%
1978 London
98%
1992 London
98%
2011 London
98%
2013 London
98%
2024 London
98%
1957 Madrid
98%
1969 Madrid
98%
1980 Madrid
98%
2010 Madrid
98%
2019 Madrid
98%
1956 Paris
95%
1975 Paris
95%
1981 Paris
95%
2000 Paris
95%
2006 Paris
95%
2022 Paris
95%
1979 Munich
94%
1993 Munich
94%
1997 Munich
94%
2012 Munich
94%
2025 Munich
94%
1977 Rome
94%
1984 Rome
94%
1996 Rome
94%
2009 Rome
94%
1989 Barcelona
93%
1999 Barcelona
93%
1965 Milan
93%
1970 Milan
93%
2001 Milan
93%
2016 Milan
93%
2005 Istanbul
92%
2023 Istanbul
92%
1967 Lisbon
90%
2014 Lisbon
90%
2020 Lisbon
90%
2003 Manchester
90%
2008 Moscow
89%
2015 Berlin
88%
1962 Amsterdam
81%
1998 Amsterdam
81%
2018 Kiev
81%
2021 Porto
81%
1983 Athens
76%
1994 Athens
76%
2007 Athens
76%
1960 Glasgow
72%
1976 Glasgow
72%
2002 Glasgow
72%
2017 Cardiff
70%
1958 Brussels
69%
1966 Brussels
69%
1974 Brussels
69%
1985 Brussels
69%
1964 Vienna
66%
1987 Vienna
66%
1990 Vienna
66%
1995 Vienna
66%
1986 Seville
62%
1961 Bern
53%
1972 Rotterdam
51%
1982 Rotterdam
51%
1973 Belgrade
50%
2004 Gelsenkirchen
32%
1959 Stuttgart
32%
1988 Stuttgart
32%
1991 Bari
26%
No matching quizzes found
Score Distribution
Percent of People with Each Score
Percentile by Number Answered
Your Score History
You have not taken this quiz since the last reset